00656 2200241 4500001002100000005001500021035002000036007000300056008004100059082001200100084001400112245007900126260006100205300002500266650001700291040001200308850001200320041000800332090001600340100002200356990001800378990001800396INLIS00000000079403920180828103126 a0010-0718001069ta180728s eng 04223a338 a338 DWY m0 aMarketing strategies in indonesia a comparative study /cDwyono Chandradhy aJakarta :bFakultas Ekonomi Universitas Indonesia,c1976 a203 halaman ;c28 cm 4aIlmu Ekonomi aYOPDYOG aYOPDYOG0 aeng aL 338 DWY m0 aDwyono Chandradhy a60644-PD/A.18 a60643-PD/A.18